| 000 | 00857nam a22002897a 4500 | ||
|---|---|---|---|
| 003 | CHAP | ||
| 005 | 20220329141559.0 | ||
| 008 | 971013s r 00010 d | ||
| 010 | _a70460 | ||
| 011 | _a71432 | ||
| 035 | _a80986 | ||
| 040 | _cCHAP | ||
| 090 | _aFolleto 10884 | ||
| 100 | 0 | 0 |
_aChappell, P. L. _921938 |
| 245 | _aUses and processing of grain maize in New Zeland | ||
| 260 |
_aAuckland : _b(s.n.), _c(19 ?) |
||
| 300 | _a8 h. | ||
| 590 |
_aBATCH-UPD _b10 _c20130110 _lUCH01 _h0544 |
||
| 590 |
_aBATCH-UPD _b10 _c20130110 _lUCH01 _h2346 |
||
| 590 |
_aBATCH-UPD _b10 _c20130410 _lUCH01 _h0225 |
||
| 590 |
_aBATCH-UPD _b10 _c20130914 _lUCH01 _h1754 |
||
| 590 |
_aCONVERSION _b10 _c20130109 _lUCH01 _h1339 |
||
| 650 | 1 | 4 |
_aMaĆz _xNueva Zelanda. _971028 |
| 901 | _aBK | ||
| 942 | _cFOLL | ||
| 949 |
_aFolleto 10884 _bBC _cFOLL _d-34080 _eTS1 _i80986 _mD _si |
||
| 999 |
_c70460 _d70460 |
||